| 000 | 00744nam a2200217 a 4500 | ||
|---|---|---|---|
| 001 | 54156 | ||
| 003 | BD-RjUL | ||
| 005 | 20211209080059.0 | ||
| 008 | 161102s1964 bg ||||| |||| 00| 0 ben d | ||
| 035 | _a(BD-RjUL)54278 | ||
| 040 |
_aBD-RjUL _bben _cBD-RjUL _dBD-RjUL |
||
| 041 | _aben | ||
| 082 |
_223 _a891.443 _bIBR 1964 |
||
| 100 |
_aইব্রাহিম, নীলিমা _9161662 |
||
| 245 | 1 | 0 |
_aরমনা পার্কে / _cনীলিমা ইব্রাহিম |
| 260 |
_aঢাকা : _bগ্রন্থপীঠ, _c১৯৬৪. |
||
| 300 |
_a[৪], ১০৬ পৃ. ; _c২১ সেমি. |
||
| 650 |
_aবাংলা উপন্যাস _9161663 |
||
| 650 |
_aBengali Fictions _9161664 |
||
| 942 |
_2ddc _cBK |
||
| 999 |
_c54156 _d54156 |
||